| 000 | 00619nam a22001577a 4500 | ||
|---|---|---|---|
| 003 | macl | ||
| 005 | 20180405122436.0 | ||
| 008 | 180405b xxu||||| |||| 00| 0 eng d | ||
| 040 | _cmacl | ||
| 082 | _a800 | ||
| 100 |
_aयादव ,डॉ. चन्द्रदेव _971662 |
||
| 245 | _aहिन्दी के प्रारंभिक उपन्यासों की भाषा | ||
| 260 |
_aदिल्ली _bप्रतिभा बुक डिस्टी्ब्यूटर _c2016 |
||
| 650 |
_aउपन्यास साहित्य _9100 |
||
| 942 |
_2ddc _cHIN |
||
| 999 |
_c57452 _d57452 |
||